<?xml version="1.0" encoding="UTF-8"?>
<marc:record xmlns:marc="http://www.loc.gov/MARC21/slim">
   <marc:leader>00000nam a2200000 a 4500</marc:leader>
   <marc:datafield ind1="1" ind2=" " tag="100">
      <marc:subfield code="a">Rau, Heide</marc:subfield>
      <marc:subfield code="4">aut</marc:subfield>
      <marc:subfield code="e">Verfasser/-in</marc:subfield>
   </marc:datafield>
   <marc:datafield ind1="0" ind2="0" tag="245">
      <marc:subfield code="a">Köstliche Blüten</marc:subfield>
   </marc:datafield>
   <marc:datafield ind1="0" ind2="0" tag="245">
      <marc:subfield code="b">Rezepte aus dem Kräuter- und Blumengarten</marc:subfield>
   </marc:datafield>
   <marc:datafield ind1=" " ind2="1" tag="264">
      <marc:subfield code="b">Ellert &amp; Richter</marc:subfield>
      <marc:subfield code="c">2000</marc:subfield>
   </marc:datafield>
   <marc:datafield ind1="1" ind2=" " tag="520">
      <marc:subfield code="a">Im Zeitalter der Reiselust probieren wir viele fremde Genüsse warum nicht einmal eine Reise in unsere Küchenvergangenheit antreten? In früheren Jahrhunderten war es keineswegs außergewöhnlich, Blüten in der Küche zu nutzen: Rosenwasser für selbstgemachtes Marzipan, kandierte Rosenblüten und Veilchen für Kuchen, Gebäck und Desserts. Aroma und Duft der essbaren Blüten werden heute in der Gourmetküche wiederentdeckt. Vom einfachen Gänseblümchen über die köstlich schmeckende Taglilie bis hin zur vielbewunderten Rose, sie alle bereichern als ungewöhnliche Zutaten die festliche Tafel, aber auch die Alltagsküche. Unkomplizierte Rezepte zeigen die Vielfalt der Möglichkeiten, die vergessenen Delikatessen für eine neue, frische und gesunde Küche zu verwenden. Durch die wunderbaren Fotos der renommierten Blumenfotografin Marion Nickig gerät schon die Lektüre des Buches zum Genuss.</marc:subfield>
   </marc:datafield>
   <marc:datafield ind1=" " ind2=" " tag="020">
      <marc:subfield code="a">9783892345275</marc:subfield>
      <marc:subfield code="9">9783892345275</marc:subfield>
   </marc:datafield>
</marc:record>
